Možnosti a spôsoby stanovenia účtovných a daňových odpisov dlhodobého majetku

Čo je odpis. Metódy odpisovania. Účtovné a daňové odpisy majetku. Výpočet daňových odpisov. Príklady odpisovania dlhodobého hmotného majetku. Príklad odpisovania dlhodobého nehmotného majetku.

Guardado en:
Detalles Bibliográficos
Autor principal: Šulovská, Miriama, 1980-
Formato: Capítulo de libro
Lenguaje:eslovaco
Materias:
Etiquetas: Agregar Etiqueta
Sin Etiquetas, Sea el primero en etiquetar este registro!

MARC

LEADER 00000naa$a2200000$$$4500
001 0063151
005 20240502071725.4
041 0 |a slo 
044 |a SK 
245 1 0 |a Možnosti a spôsoby stanovenia účtovných a daňových odpisov dlhodobého majetku  |c Miriama Šulovská 
520 |a Čo je odpis. Metódy odpisovania. Účtovné a daňové odpisy majetku. Výpočet daňových odpisov. Príklady odpisovania dlhodobého hmotného majetku. Príklad odpisovania dlhodobého nehmotného majetku. 
610 2 0 |a účtovníctvo 
610 2 0 |a odpisy daňové 
610 2 0 |a odpisy účtovné 
610 2 0 |a majetok hmotný 
610 2 0 |a majetok nehmotný 
610 2 0 |a majetok dlhodobý 
610 2 0 |a ceny 
100 1 |a Šulovská, Miriama, 1980-